| 000 | 00887nam a2200253 a 4500 | ||
|---|---|---|---|
| 001 | 000015006 | ||
| 005 | 20200929163933.0 | ||
| 008 | 100128s1984 sp 000 j spa d | ||
| 020 | _a8427606400 | ||
| 040 |
_aDO-SdBNP _bspa _cBNPHU |
||
| 082 |
_a861.3 _bC965f |
||
| 100 | 1 |
_aCueva, Juan de la, _d1543-1612 _93107 |
|
| 245 | 1 | 0 |
_aFábulas mitológicas y épica burlesca / _cJuan de la Cueva ; edición de José Cebrian García. |
| 260 |
_aMadrid : _bNacional, _c1984. |
||
| 300 |
_a247, [10] p. ; _c18 cm. |
||
| 490 | 1 |
_aBiblioteca de la literatura y el pensamiento hispánicos _v58 |
|
| 650 | 4 |
_aPoesía épica española _917311 |
|
| 650 | 4 |
_aFábulas españolas _915610 |
|
| 650 | 4 |
_aLiteratura española _9632 |
|
| 700 | 1 |
_aCebrian García, José, _eed. _933966 |
|
| 830 | 0 |
_aBiblioteca de la literatura y el pensamiento hispánicos ; _v58 _922407 |
|
| 910 | _aWM | ||
| 049 | _aBNGR | ||
| 999 |
_c14579 _d14579 |
||